000 00703nam a22002297a 4500
005 20240530110854.0
008 210928s2021 ua f 000 f ara d
017 _a2012/2819
_bمصر. دار الكتب
020 _a9789775436986
040 _aEG-CaGPL
_cEG-CaGPL
082 0 4 _221
_a813.03/
_bم م
100 0 _aمنى زكى
245 1 0 _aمملكة القلوب /
_cمنى زكى
250 _aط.1
260 _aالقاهرة :
_bهيئة الخدمة الروحية للنشر،
_c2021.
300 _a263 ص. ؛
_c19 سم.
650 0 7 _2qrmak
_aالادب العربى
650 0 7 _2qrmak
_aالقصص العربية
651 _2qrmak
942 _2ddc
_cBK
999 _c66006
_d66006